| 000 | 01837cam a2200517 a 4500 | ||
|---|---|---|---|
| 001 | 22199 | ||
| 003 | VRT | ||
| 005 | 20260323125757.0 | ||
| 008 | 240315s2011 xo g 000 1 slo | ||
| 015 | _aSNBA2012/04-02241 | ||
| 020 |
_a9788055127170 _q(viaz.) |
||
| 035 | _a61CCA0ED-FFD0-4948-8945-380E04117090 | ||
| 035 | _aurn:nbn:sk:snk-amjjd8 | ||
| 035 | _aurn:nbn:sk:snk-am001sq7 | ||
| 039 | 9 |
_a202403151740 _bVLOAD _c201908150906 _dAUTHORITY _c201508271414 _dVLOAD _c201508271043 _dVLOAD |
|
| 040 |
_aPOKPOH _bslo _cPOKPOH _dSVKBB _eAACR2 |
||
| 041 | 1 |
_aslo _heng |
|
| 044 |
_axo _cSK |
||
| 072 | 7 |
_a821.111(73)-3 _xAmerická próza _2konspekt |
|
| 080 |
_a821.111(73)-31 _22001 |
||
| 080 |
_a(0:82-311.6) _22001 |
||
| 080 |
_a(0:82-312.5) _22001 |
||
| 100 | 1 |
_aMartin, Kat, _d1947- _4aut |
|
| 240 | 1 | 0 |
_aReese's bride _lSlovensky |
| 245 | 1 | 0 |
_aReesova nevesta _cKat Martinová ; [z anglického originálu preložila Zdenka Hudáková] _n[2. kniha] |
| 250 | _a[1. vyd.] | ||
| 260 |
_aBratislava _bIkar _c2011 |
||
| 300 |
_a275 s. _c21 cm |
||
| 655 | 7 |
_aamerické romány _2SNKPH |
|
| 655 | 7 |
_ahistorické romány _2SNKPH |
|
| 655 | 7 |
_aľúbostné romány _2SNKPH |
|
| 655 | 7 |
_aAmerican fiction _2SNKPHeng |
|
| 655 | 7 |
_aHistorical novels _2SNKPHeng |
|
| 655 | 7 |
_aLove novels _2SNKPHeng |
|
| 700 | 1 |
_aHudáková, Zdenka _c(prekladateľka) _4trl |
|
| 942 |
_2ddc _cKLDO _n0 |
||
| 949 |
_617A0877929 _asnkSC 145265/2 _bsnk2012/3761 _o2887/11 |
||
| 949 |
_617A0880223 _asnkSC 145265/2 D1 _bsnk2012/6342 _o2887/11 |
||
| 949 |
_6270001000370714 _asvkbbA 133468 _bsvkbbm 723577 |
||
| 949 |
_6273K0539431 _asvkpoA 212212 _bsvkpo543033 |
||
| 949 |
_62889180405 _asavukPV 15858 _bsavuk2012/297 |
||
| 980 | _a821.111(73)-31 | ||
| 980 | _a(0:82-311.6) | ||
| 980 | _a(0:82-312.5) | ||
| 999 |
_c22199 _d22199 |
||